Влияние СВЧ-излучения на термическую стабильность нанопорошка алюминия; Письма в Журнал технической физики; Т. 42, № 7
| Parent link: | Письма в Журнал технической физики.— , 1975- Т. 42, № 7.— 2016.— [С. 17-22] |
|---|---|
| مؤلفون مشاركون: | , |
| مؤلفون آخرون: | , , , , , |
| الملخص: | Заглавие с экрана Исследовано влияние СВЧ-излучения с плотностью мощности потока 80 W/cm2 и несущей частотой 9.4 GHz на термическую стабильность нанопорошка алюминия после облучения в воздухе. Установлено, что после облучения нанопорошка алюминия увеличивается его химическая активность, а также уменьшается температура начала окисления на 40oC и снижается тепловой эффект окисления на 13.5%. Режим доступа: по договору с организацией-держателем ресурса |
| اللغة: | الروسية |
| منشور في: |
2016
|
| الموضوعات: | |
| الوصول للمادة أونلاين: | http://journals.ioffe.ru/articles/43026 http://elibrary.ru/item.asp?id=25669788 |
| التنسيق: | الكتروني فصل الكتاب |
| KOHA link: | https://koha.lib.tpu.ru/cgi-bin/koha/opac-detail.pl?biblionumber=647425 |
MARC
| LEADER | 00000naa0a2200000 4500 | ||
|---|---|---|---|
| 001 | 647425 | ||
| 005 | 20250210155414.0 | ||
| 035 | |a (RuTPU)RU\TPU\network\12565 | ||
| 035 | |a RU\TPU\network\11970 | ||
| 090 | |a 647425 | ||
| 100 | |a 20160409d2016 k||y0rusy50 ca | ||
| 101 | 0 | |a rus | |
| 102 | |a RU | ||
| 135 | |a drcn ---uucaa | ||
| 181 | 0 | |a i | |
| 182 | 0 | |a b | |
| 200 | 1 | |a Влияние СВЧ-излучения на термическую стабильность нанопорошка алюминия |f А. В. Мостовщиков [и др.] | |
| 203 | |a Текст |c электронный | ||
| 300 | |a Заглавие с экрана | ||
| 320 | |a [Библиогр.: 8 назв.] | ||
| 330 | |a Исследовано влияние СВЧ-излучения с плотностью мощности потока 80 W/cm2 и несущей частотой 9.4 GHz на термическую стабильность нанопорошка алюминия после облучения в воздухе. Установлено, что после облучения нанопорошка алюминия увеличивается его химическая активность, а также уменьшается температура начала окисления на 40oC и снижается тепловой эффект окисления на 13.5%. | ||
| 333 | |a Режим доступа: по договору с организацией-держателем ресурса | ||
| 461 | |t Письма в Журнал технической физики |d 1975- | ||
| 463 | |t Т. 42, № 7 |v [С. 17-22] |d 2016 | ||
| 610 | 1 | |a электронный ресурс | |
| 610 | 1 | |a труды учёных ТПУ | |
| 610 | 1 | |a СВЧ-излучение | |
| 610 | 1 | |a нанопорошки | |
| 610 | 1 | |a алюминий | |
| 610 | 1 | |a облучение | |
| 701 | 1 | |a Мостовщиков |b А. В. |c химик |c старший научный сотрудник, профессор Томского политехнического университета, доктор технических наук |f 1989- |g Андрей Владимирович |3 (RuTPU)RU\TPU\pers\25492 |9 11429 | |
| 701 | 1 | |a Ильин |b А. П. |c химик |c профессор Томского политехнического университета, доктор физико-математических наук |f 1949- |g Александр Петрович |3 (RuTPU)RU\TPU\pers\25487 |9 11424 | |
| 701 | 1 | |a Чумерин |b П. Ю. |c физик |c старший научный сотрудник Томского политехнического университета, доктор физико-математических наук |f 1958- |g Павел Юрьевич |3 (RuTPU)RU\TPU\pers\29832 |9 14308 | |
| 701 | 1 | |a Юшков |b Ю. Г. |c электрофизик |c профессор Томского политехнического университета, доктор технических наук |f 1937- |g Юрий Георгиевич |3 (RuTPU)RU\TPU\pers\22023 |9 9320 | |
| 701 | 1 | |a Ваулин |b В. А. |c радиофизик |c ведущий инженер Томского политехнического университета |f 1960- |g Виктор Алексеевич |3 (RuTPU)RU\TPU\pers\32715 |9 16600 | |
| 701 | 1 | |a Алексеев |b Б. А. |c физик |c инженер Томского политехнического университета |f 1991- |g Борис Александрович |3 (RuTPU)RU\TPU\pers\34894 |9 18212 | |
| 712 | 0 | 2 | |a Национальный исследовательский Томский политехнический университет |b Институт физики высоких технологий |b Кафедра общей химии и химической технологии |3 (RuTPU)RU\TPU\col\21253 |9 27944 |
| 712 | 0 | 2 | |a Национальный исследовательский Томский политехнический университет |b Физико-технический институт |b Лаборатория № 46 |3 (RuTPU)RU\TPU\col\19319 |9 27440 |
| 801 | 2 | |a RU |b 63413507 |c 20161031 |g RCR | |
| 856 | 4 | |u http://journals.ioffe.ru/articles/43026 | |
| 856 | 4 | |u http://elibrary.ru/item.asp?id=25669788 | |
| 942 | |c CF | ||